000 00493nam a2200193Ia 4500
008 240729s9999 xx 000 0 und d
022 _a1471-2164
245 0 _aBMC Genomics
260 _aUnited Kingdom
260 _bBMC
650 _a Biology (General)
650 _a Biotechnology | Science
650 _a Chemical technology
650 _a Genetics
650 _aTechnology
856 _uhttps://doaj.org/toc/9f69a1ddc5c64ccc9c37982f42128993
942 _2ddc
942 _cDOAJEJ
999 _c73971
_d73971
945 _a1
_bMadushi Gamage
_c1
_dMadushi Gamage